Sci-Fi Robots image quiz - Statistics

General Stats
  • This quiz has been taken 54 times
  • The average score is 7 of 12
Answer Stats
Picture Answer % Correct
R2-D2
98%
C3PO
96%
Wall-E
90%
The Terminator
88%
Optimus Prime
82%
Bender
65%
Johnny 5
47%
K-9
47%
Robby the Robot
47%
Marvin the Paranoid Android
37%
Gort
29%
Maria
18%
No matching quizzes found
Score Distribution
Percent of People with Each Score
Percentile by Number Answered
Your Score History
You have not taken this quiz